=LDR 00000nam 2200000 4500 =001 INLIS000000000053921 =005 20190406090801 =035 ##$$a 0010-0419000010 =007 ta =008 190406###########################0#ind## =020 ##$$a 979-8417-00-3 =082 ##$$a 658.3 =084 ##$$a 658.3 MAI p =100 #$$a Maitland, Iain =245 1#$$a Petunjuk merekrut karyawan /$c Iain Maitland =260 ##$$a Jakarta :$b Pustaka Binaman,$c 1993 =300 ##$$a xi,203 hlm. ; $c 24 cm. =650 ##$$a manajemen SDM =990 ##$$a 07240724 =990 ##$$a 54.957 pro.93